000 00589cam a22002052 4500
001 0000003853
005 20151217145741.0
008 070515s xx 000 0 eng d
020 _a0716731266 :
040 _aKABU
_cKABU
050 0 _aQD31.2
_b.C44
245 1 0 _aChemistry :
_ba project of the American Chemical Society.
260 _aNew York :
_bW. H. Freeman,
_c2005.
300 _axxviii, 119 p.
650 0 _aChemistry.
_@0000148202
710 2 _aAmerican Chemical Society.
_@0000102341
908 _a070515
950 _@1
999 _c2250
_d2250